[Event "GER-chT U18 Girls"]
[Site "Karlsruhe"]
[Date "2015.05.08"]
[Round "1.4"]
[White "Gross, Sarah Zoe"]
[Black "Matern, Alexa"]
[Result "1-0"]
[WhiteElo "800"]
[BlackElo "800"]
[PlyCount "57"]
[EventDate "2015.05.07"]
[EventType "team-swiss"]
[EventRounds "7"]
[EventCountry "GER"]
[SourceTitle "EXT 2017"]
[Source "ChessBase"]
[SourceDate "2016.10.25"]
[SourceVersion "1"]
[SourceVersionDate "2016.10.25"]
[SourceQuality "1"]
[WhiteTeam "Gadebusch Gymn (W)"]
[BlackTeam "Bremen Am Barkhof (W)"]
[WhiteTeamCountry "GER"]
[BlackTeamCountry "GER"]

1. e4 e5 2. Nf3 Nc6 3. Bb5 Nf6 4. Bxc6 bxc6 5. Nc3 Bb4 6. a3 Bxc3 7. dxc3 0-0 8. a4 d6 9. 0-0 Bg4 10. Bg5 Bxf3 11. Qxf3 c5 12. Bh4 c4 13. Rad1 Rb8 14. Qf5 Qd7 15. Qxd7 Nxd7 16. h3 Rxb2 17. Rb1 Rxc2 18. Rb4 Rxc3 19. Rb7 Rd3 20. Rxc7 Nc5 21. Rxc5 dxc5 22. Be7 Re8 23. Bxc5 Ra8 24. Rb1 Rb3 25. Ra1 c3 26. Rc1 Rb2 27. Rxc3 Ra2 28. Bxa7 Rxa7 29. Rc8# 1-0